[Event "BEL-ch U20"]
[Site "Blankenberge"]
[Date "2017.04.15"]
[Round "9"]
[White "Vanduyfhuys, Daria"]
[Black "Veestraeten, Bram"]
[Result "1-0"]
[WhiteElo "1888"]
[BlackElo "1606"]
[PlyCount "65"]
[EventDate "2017.04.09"]
[EventType "swiss"]
[EventRounds "9"]
[EventCountry "BEL"]
[SourceTitle "CBM 178 Extra"]
[Source "ChessBase"]
[SourceDate "2017.06.22"]
[SourceVersion "1"]
[SourceVersionDate "2017.06.22"]
[SourceQuality "1"]

1. d4 d5 2. c4 e6 3. Nc3 Nf6 4. Nf3 Nbd7 5. e3 c6 6. Bd3 Bd6 7. 0-0 0-0 8. Qc2 dxc4 9. Bxc4 e5 10. Ne4 Bc7 11. Bd2 exd4 12. Bb4 dxe3 13. Bxf8 exf2+ 14. Nxf2 Nxf8 15. Rad1 Bd7 16. Qb3 Bb6 17. Bxf7+ Kh8 18. Kh1 Bxf2 19. Rxf2 Qb6 20. Qxb6 axb6 21. Rfd2 g6 22. Ne5 Bf5 23. Rd8 Rxd8 24. Rxd8 Kg7 25. Bb3 Be4 26. Nc4 Ne6 27. Rb8 Nc5 28. Nxb6 Ng4 29. Kg1 Ne3 30. g3 Nf5 31. Na4 Nxb3 32. Rxb7+ Kh6 33. Rxb3 1-0

[Event "BEL-ch U18"]
[Site "Blankenberge"]
[Date "2015.04.13"]
[Round "2"]
[White "Veestraeten, Bram"]
[Black "Langie, Jeroen"]
[Result "1-0"]
[WhiteElo "1635"]
[BlackElo "1223"]
[PlyCount "75"]
[EventDate "2015.04.12"]
[EventType "swiss"]
[EventRounds "9"]
[EventCountry "BEL"]
[SourceTitle "CBM 166 Extra"]
[Source "ChessBase"]
[SourceDate "2015.06.18"]
[SourceVersion "1"]
[SourceVersionDate "2015.06.18"]
[SourceQuality "1"]

1. e4 c6 2. d4 d5 3. exd5 cxd5 4. Bd3 e6 5. c3 Bd6 6. Nf3 Nf6 7. Bg5 0-0 8. Qc2 g6 9. Nbd2 Re8 10. Ne5 Nbd7 11. Ndf3 Qc7 12. Bf4 Nh5 13. Nxd7 Nxf4 14. Nf6+ Kf8 15. Nxe8 Kxe8 16. Bb5+ Bd7 17. Bxd7+ Qxd7 18. 0-0 Qb5 19. Rad1 Rc8 20. Rfe1 Be7 21. Qd2 Nh5 22. Ne5 Nf6 23. f3 Bd6 24. Qe2 Qa4 25. Nxf7 Bxh2+ 26. Kxh2 Qd7 27. Ng5 Nh5 28. Nxe6 Qd6+ 29. f4 Kd7 30. g3 Re8 31. Nc5+ Kc7 32. Qxe8 Nf6 33. Qe7+ Qxe7 34. Rxe7+ Kc6 35. Rxb7 Ng4+ 36. Kg1 Ne3 37. Re1 Nf5 38. Re6+ 1-0

[Event "BEL-ch U16"]
[Site "Blankenberge"]
[Date "2014.04.16"]
[Round "5"]
[White "Staessens, Maxim"]
[Black "Veestraeten, Bram"]
[Result "0-1"]
[WhiteElo "1013"]
[BlackElo "1490"]
[PlyCount "54"]
[EventDate "2014.04.??"]
[EventType "swiss"]
[EventRounds "9"]
[EventCountry "BEL"]
[SourceTitle "EXT 2015"]
[Source "ChessBase"]
[SourceDate "2014.11.20"]
[SourceVersion "1"]
[SourceVersionDate "2014.11.20"]
[SourceQuality "1"]

1. c4 e5 2. g3 Nc6 3. Nc3 Bb4 4. a3 Bxc3 5. bxc3 f5 6. e3 Nf6 7. d4 0-0 8. Bg2 d6 9. Rb1 e4 10. Ne2 b6 11. 0-0 Ba6 12. Qa4 Na5 13. Nf4 Bxc4 14. Re1 Qe8 15. Qd1 Nd5 16. Nxd5 Bxd5 17. a4 Qf7 18. Rb4 c5 19. dxc5 dxc5 20. Rb1 Bb3 21. Qd6 Bxa4 22. Rd1 Bxd1 23. Qxd1 Rfd8 24. Qa4 Qc4 25. Qc2 Rd6 26. Bb2 Rad8 27. Qc1 Qe2 0-1

[Event "BEL-ch U16"]
[Site "Blankenberge"]
[Date "2014.04.15"]
[Round "4"]
[White "Veestraeten, Bram"]
[Black "Van den Bosch, Arno"]
[Result "0-1"]
[WhiteElo "1490"]
[BlackElo "1738"]
[PlyCount "54"]
[EventDate "2014.04.??"]
[EventType "swiss"]
[EventRounds "9"]
[EventCountry "BEL"]
[SourceTitle "EXT 2015"]
[Source "ChessBase"]
[SourceDate "2014.11.20"]
[SourceVersion "1"]
[SourceVersionDate "2014.11.20"]
[SourceQuality "1"]

1. e4 c5 2. Nc3 d6 3. Bb5+ Bd7 4. Bxd7+ Qxd7 5. f4 Nc6 6. Nf3 g6 7. d3 Bg7 8. 0-0 e6 9. Qe1 Nd4 10. Nxd4 cxd4 11. Ne2 Rc8 12. c4 dxc3 13. Nxc3 Ne7 14. Bd2 b5 15. a3 0-0 16. Rc1 d5 17. e5 Nf5 18. Qf2 Rfd8 19. d4 Bf8 20. b4 Rc4 21. Be3 Rdc8 22. Qd2 a5 23. Na2 axb4 24. axb4 Qa7 25. Bf2 Qa4 26. Rxc4 Rxc4 27. Rb1 Rc2 0-1